000 00645nam a22001937a 4500
005 20250430114355.0
010 _aENG-144740
020 _a9788197633539
_c495.00
035 _aEN-128272
037 _bDBAD
082 _a000
245 _aChronicle General Studies Paper-I :
_b1995-2024 Topic-wise solved papers
_cEdited by N.N. Ojha
260 _aNoida
_bChronicle Publication
_c2024
270 _aA-27D, Sector 16
_bNoida
_e201301
_k0120-2514610/12
_minfo@chronicleindia.in
300 _a476p.
_c28cm(pbk)
500 _aUPSC CSE (PT) 30 Yrs. IAS Prelims PYQs
700 _aOjha, N.N.
_977953
942 _2ddc
_cEN
_h000
_mCHR
999 _c209348
_d209348